Economía: (Registro nro. 7848)

Detalles MARC
000 -LEADER
fixed length control field 02770nam a2200229Ia 4500
005 - FECHA Y HORA DE LA ÚLTIMA TRANSACCIÓN
control field 20250621101239.0
008 - FIXED-LENGTH DATA ELEMENTS--GENERAL INFORMATION
fixed length control field 230417s9999 xx 000 0 und d
020 ## - INTERNATIONAL STANDARD BOOK NUMBER
International Standard Book Number 84-481-2777-3
040 ## - CATALOGING SOURCE
Original cataloging agency UPAN
Transcribing agency Biblioteca San Vicente
Description conventions RCAA2
041 ## - LANGUAGE CODE
Language code of text/sound track or separate title spa
082 ## - DEWEY DECIMAL CLASSIFICATION NUMBER
Classification number 330
Item number M634e
año de publicación 2000
100 ## - MAIN ENTRY--PERSONAL NAME
Personal name Mochon, Francisco
Relator code aut.
245 #0 - TITLE STATEMENT
Title Economía:
Remainder of title Teoría y política./
Statement of responsibility, etc Francisco Mochón
250 ## - EDITION STATEMENT
Edition statement 4 ªed.
260 ## - PUBLICATION, DISTRIBUTION, ETC. (IMPRINT)
Place of publication, distribution, etc España:
Name of publisher, distributor, etc McGraw Hill,
Date of publication, distribution, etc 2000
300 ## - PHYSICAL DESCRIPTION
Extent 764 p.;
Dimensions 25 cm.
505 ## - FORMATTED CONTENTS NOTE
Formatted contents note Parte I: Los fundamentos de la economía.<br/>Capitulo 1. Las reglas del juego de la economía.<br/>Parte II: La oferta y la demanda: el funcionamiento de los mercados de productos.<br/>Capitulo 2. La oferta, la demanda y el mercado.<br/>Capitulo 3. La elasticidad y sus aplicaciones.<br/>Capitulo 4. La demanda y el comportamiento del consumidor.<br/>Capitulo 5. La producción y la empresa.<br/>Capitulo 6. Los costes y la maximización de los beneficios.<br/>Capitulo 7. La empresa en los mercados de competencia perfecta.<br/>Capitulo 8. Competencia imperfecta: el monopolio.<br/>Capitulo 9. Competencia imperfecta: el oligopolio y la competencia monopolística.<br/>Parte III: Los mercados de factores y la distribución de la renta.<br/>Capitulo 10. Los mercados de factores y la distribución de la renta.<br/>Capitulo 11. Los mercados de trabajo de la tierra y del capital.<br/>Parte IV: La economía, el bienestar y el estado.<br/>Capitulo 12. La eficiencia y los fallos del mercado.<br/>Capitulo 13. El papel del estado en la economía.<br/>Parte V: La Macroeconomía: una visión panorámica.<br/>Capitulo 14. Una visión panorámica de la macroeconomía.<br/>Capitulo 15. La medición del PIB: del PIB a la renta disponible.<br/>Parte VI: La macroeconomía en el corto plazo: Los mercados de bienes y de dinero.<br/>Capitulo 16. El equilibrio del mercado de bienes.<br/>Capitulo 17. Funciones del dinero.<br/>Capitulo 18. El Banco Central y la política monetaria.<br/>Capitulo 19. La macroeconomía de una economía abierta.<br/>Parte VII: La oferta y la demanda agregadas: entre el corto y el largo plazo.<br/>Capitulo 20. La oferta agregada y la curva de Phillips: el dilema entre la inflación y el paro.<br/>Capitulo 21. La demanda y la oferta agregadas: las políticas macroeconómicas en los modelos clásico, keynesiano y de la síntesis.<br/>Capitulo 22. Las fluctuaciones cíclicas.<br/>Capitulo 23. La inflación: causas y efectos.<br/>Parte VIII: Crecimiento y desarrollo económico.<br/>Capitulo 24. El crecimiento económico y el desarrollo.<br/>Parte IX: Los principios económicos básicos y la "Nueva economía".<br/>Capitulo 25. La nueva economía y las tecnologías de la información.
650 ## - SUBJECT ADDED ENTRY--TOPICAL TERM
Source of heading or term LEMB
General subdivision Economía - Teorías
650 ## - SUBJECT ADDED ENTRY--TOPICAL TERM
Source of heading or term LEMB
General subdivision Macroeconomía
700 ## - ADDED ENTRY--PERSONAL NAME
Relator code Castejón Montijano, Rafael
Personal name aut.
942 ## - ADDED ENTRY ELEMENTS (KOHA)
Koha item type Libros
Source of classification or shelving scheme Dewey Decimal Classification
Existencias
Withdrawn status Lost status Source of classification or shelving scheme Damaged status Not for loan Collection code Home library Current library Date acquired Total Checkouts Full call number Barcode Date last seen Price effective from Koha item type
    Dewey Decimal Classification     Colección General Biblioteca UPAN San Vicente Biblioteca UPAN San Vicente 17/04/2023   330 M634e 12000376 17/04/2023 17/04/2023 Libros